| 000 | 01458cam a2200361Mi 4500 | ||
|---|---|---|---|
| 001 | on1223090101 | ||
| 003 | OCoLC | ||
| 005 | 20240620195749.0 | ||
| 006 | m o d | ||
| 007 | cr cnu---unuuu | ||
| 008 | 201121s2020 at o 000 0 eng d | ||
| 040 |
_aEBLCP _beng _erda _cEBLCP _dEBLCP _dN$T _dOCLCO _dOCLCF _dOCLCQ _dOCLCO _dOCLCL _dJSTOR _dKAT |
||
| 020 |
_a9781760463809 _q(PDF) |
||
| 020 |
_a1760463809 _q(PDF) |
||
| 020 |
_z9781760463793 _q(print) |
||
| 035 | _a(OCoLC)1223090101 | ||
| 037 |
_a22573/ctv1bvx7dd _bJSTOR |
||
| 050 | 4 |
_aCT103 _b.J68 2020eb |
|
| 100 | 1 |
_aJones, Barry O., _eauthor. _0http://id.loc.gov/authorities/names/n81047058 |
|
| 245 | 1 | 0 |
_aDictionary of world biography / _cBarry Jones. |
| 250 | _aSeventh edition. | ||
| 264 | 1 |
_aCanberra, ACT, Australia : _bANU Press, _c2020. |
|
| 300 |
_a1 online resource (xiv, 973 pages) : _billustrations |
||
| 490 | 1 | _aANU. Lives series in biography | |
| 500 | _aDescription based upon print version of record. | ||
| 590 |
_aJSTOR _bBooks at JSTOR Open Access |
||
| 650 | 0 |
_aBiography _vDictionaries. |
|
| 758 |
_ihas work: _aDictionary of world biography (Text) _1https://id.oclc.org/worldcat/entity/E39PCH7hBbKxVTXTB7mBcCC6yq _4https://id.oclc.org/worldcat/ontology/hasWork |
||
| 830 | 0 |
_aANU.Lives series in biography. _0http://id.loc.gov/authorities/names/no2012142559 |
|
| 856 | 4 | 0 | _uhttps://www.jstor.org/stable/10.2307/j.ctv1bxgw6g |
| 942 | _cE-BOOK | ||
| 994 |
_a92 _bPHURS |
||
| 999 |
_c80623 _d80622 |
||